00662nam a2200145 a 450000100100000000500170001000800410002704000250006811000610009324501760015426000620033030000320039249000460042483000460047000004870120201002061336.0190410s2016 dr a 000 0 spa d aDO-SdBNPbspacBNPHU1 aSuperintendencia de ElectricidadbRepública Dominicana10aReglamento revisiones y suministros para el tratamiento reclamaciones y denuncias de fraude en la relación empresas distribuidoras -usuarios :bresolución SIE-01-2018. aSanto Domingo :bSuperintendencia de Electricidad,c2016. a78 [4] p. :bils. ;c28 cm.1 aMercado eléctronico minorista (MEMI)v2 0aMercado eléctronico minorista (MEMI)n2